000 00367nam a2200157Ia 4500
100 _aKothari/D.P/ Jain/Mahima
650 _aElectronics materials
942 _cBK
366 _f25
654 _aelectronics materials
245 _aElectrical and electronics materials
260 _bNarosa
_c2016
082 _bKOT
546 _aENGLISH
_cPAMPHALETS
999 _c28999
_d28999